000 00640nam1a22002051i 4500
001 v19\rc\1235415
005 20241225181516.0
035 _a(NLR Aleph) 004394977
090 _a3802651
_c3802651
100 _a20060306d1883 |||y0rusy50 ca
101 0 _arus
102 _aRU
105 _ay z |||c|
200 1 _aЦентры умственной жизни
_eОбщественные и бытовые очерки. [Очерк 1]
210 _aСанкт-Петербург
_cтип. Добродеева
_d1883
215 _a20 с.
801 0 _aRU
_bNLR
_gpsbo
801 1 _aRU
_bProSoft-M
_2rusmarc
852 _aNLR
_j18.143.7.23
942 _cBOOK